000 00436nam a2200181Ia 4500
001 15430
005 20260306170155.0
008 260306t2002||||xx |||||||||||||| ||und||
041 _aESP
082 _a540
_bCH518 2002
100 _aChang, Raymond
_eAUT
245 0 _aQuímica
260 _c2002
300 _axxxvi, 1001 páginas :, A16, G9, RP8, C3, I14
_c27 cm.
650 _aGEN
654 _aCCN
942 _cLIB
_dJUS
_fJUS
_2ddc
_n
999 _c15430
_d15430